Integrated Test Design and Automation : Using the TestFrame Method /

Na minha lista:
Detalhes bibliográficos
Autor principal: Buwalda, Hans (autor)
Outros Autores: Janssen, Dennis (autor) (autor), Pinkster, Iris (autor) (autor)
Formato: Livro
Idioma:inglês
Publicado em: Harlow, Inglaterra : Addison-Wesley, 2002, c2002
Assuntos:
Tags: Adicionar Tag
Sem tags, seja o primeiro a adicionar uma tag!

MARC

LEADER 00000nam^a2200000^a^4500
001 000156635
005 20250521000000.0
009 20260310100511.434
020 |a 0-201-73725-6 
037 |a Acervo ITESO - Biblioteca 
041 |a ING 
082 |a 005. 14  |b BUW 
100 |a Buwalda, Hans  |e (autor) 
245 1 0 |a Integrated Test Design and Automation :  |b Using the TestFrame Method /  |c H. Buwalda, D. Janssen, I. Pinkster ; colaboración de Paul Watters. 
264 4 |a Harlow, Inglaterra :  |b Addison-Wesley,  |c 2002, c2002 
300 |a X, 242 p. 
336 |a texto  |b txt  |2 rdacontenido 
337 |a sin mediación  |b n  |2 rdamedio 
338 |a volumen  |b nc  |2 rdasoporte 
649 |a XX 
650 |a Paquetes (Software) -  |x Prueba y Medición 
650 |a Programación (Software) 
650 |a Sistemas Computacionales 
650 |a Control de Calidad 
650 |a Ingeniería Industrial 
650 |a Ingeniería de Software 
650 |a Ingeniería Computacional 
700 |a Janssen, Dennis  |e (autor) 
700 |a Pinkster, Iris  |e (autor) 
910 |a Fondo General 
920 |a Impresos - Libros 
930 |a Colección General 
905 |a 101 
901 |a 0500085258  |b IT1  |c ACC  |u 20250521 
902 |a https://opac.biblio.iteso.mx/vufind/Record/000156635